<?xml version="1.0" encoding="UTF-8"?><?xml-stylesheet type="text/xsl" href="static/style.xsl"?><OAI-PMH xmlns="http://www.openarchives.org/OAI/2.0/" xmlns:xsi="http://www.w3.org/2001/XMLSchema-instance" xsi:schemaLocation="http://www.openarchives.org/OAI/2.0/ http://www.openarchives.org/OAI/2.0/OAI-PMH.xsd"><responseDate>2026-04-13T02:50:52Z</responseDate><request verb="GetRecord" identifier="oai:www.recercat.cat:10256/10951" metadataPrefix="marc">https://recercat.cat/oai/request</request><GetRecord><record><header><identifier>oai:recercat.cat:10256/10951</identifier><datestamp>2024-06-18T13:49:11Z</datestamp><setSpec>com_2072_452955</setSpec><setSpec>com_2072_2054</setSpec><setSpec>col_2072_453073</setSpec></header><metadata><record xmlns="http://www.loc.gov/MARC21/slim" xmlns:dcterms="http://purl.org/dc/terms/" xmlns:xsi="http://www.w3.org/2001/XMLSchema-instance" xmlns:doc="http://www.lyncode.com/xoai" xsi:schemaLocation="http://www.loc.gov/MARC21/slim http://www.loc.gov/standards/marcxml/schema/MARC21slim.xsd">
   <leader>00925njm 22002777a 4500</leader>
   <datafield ind2=" " ind1=" " tag="042">
      <subfield code="a">dc</subfield>
   </datafield>
   <datafield ind2=" " ind1=" " tag="720">
      <subfield code="a">Garcia-Rodríguez, Aida</subfield>
      <subfield code="e">author</subfield>
   </datafield>
   <datafield ind2=" " ind1=" " tag="720">
      <subfield code="a">Matamoros, Víctor</subfield>
      <subfield code="e">author</subfield>
   </datafield>
   <datafield ind2=" " ind1=" " tag="720">
      <subfield code="a">Kolev, Spas D.</subfield>
      <subfield code="e">author</subfield>
   </datafield>
   <datafield ind2=" " ind1=" " tag="720">
      <subfield code="a">Fontàs Rigau, Clàudia</subfield>
      <subfield code="e">author</subfield>
   </datafield>
   <datafield ind2=" " ind1=" " tag="260">
      <subfield code="c">info:eu-repo/date/embargoEnd/2026-01-01</subfield>
   </datafield>
   <datafield ind2=" " ind1=" " tag="260">
      <subfield code="c">info:eu-repo/date/embargoEnd/2026-01-01</subfield>
   </datafield>
   <datafield ind2=" " ind1=" " tag="260">
      <subfield code="c">2015-10-15</subfield>
   </datafield>
   <datafield ind2=" " ind1=" " tag="520">
      <subfield code="a">Antibiotics belong to the so called group of emerging organic contaminants (EOCs) and their presence in natural waters is of considerable environmental concern. Due to the need of their determination in natural waters at trace levels, we have developed a polymer inclusion membrane (PIM) capable of transporting six frequently used antibiotics (four sulfonamides, SAs, and two tetracyclines, TCs). Cellulose triacetate (CTA) and polyvinyl chloride (PVC) based membranes have been tested in transport experiments, with the former membranes exhibiting better permeability for the antibiotics studied. The addition of a plasticizer further improved the permeability of the CTA-based membranes. A PIM containing 30 wt% ETA, 26 wt% Aliquat 336, and 44 wt% 2-nitrophenyloctyl ether, provided the highest percentage of transport over a 24 h period, varying from 75% (sulfathiazole, STZ) to 100% (tetracycline, TC and oxytetracycline, OTC), except for sulfapyridine, (SPY) (55%). The feed solution in these transport experiments was at pH 9 while the stripping solution contained 1.0 M NaCl. A PIM-based device was constructed for the preconcentration of the antibiotics studied in its stripping solution and it was successfully applied to the preconcentration of these antibiotics in environmental water samples</subfield>
   </datafield>
   <datafield ind2=" " ind1=" " tag="520">
      <subfield code="a">The financial support of the Ministerio de Economia y Competitividad through project CTM2013-48967-C2-2-P is gratefully acknowledged. Aida Garcia-Rodriguez would like to thank the University of Girona for a research fellowship (BR2011/27)</subfield>
   </datafield>
   <datafield ind1="8" ind2=" " tag="024">
      <subfield code="a">http://hdl.handle.net/10256/10951</subfield>
   </datafield>
   <datafield tag="653" ind2=" " ind1=" ">
      <subfield code="a">Membranes (Tecnologia)</subfield>
   </datafield>
   <datafield tag="653" ind2=" " ind1=" ">
      <subfield code="a">Membranes (Technology)</subfield>
   </datafield>
   <datafield tag="653" ind2=" " ind1=" ">
      <subfield code="a">Contaminants orgànics de l'aigua</subfield>
   </datafield>
   <datafield tag="653" ind2=" " ind1=" ">
      <subfield code="a">Organic water pollutants</subfield>
   </datafield>
   <datafield tag="653" ind2=" " ind1=" ">
      <subfield code="a">Separació (Tecnologia)</subfield>
   </datafield>
   <datafield tag="653" ind2=" " ind1=" ">
      <subfield code="a">Separation (Technology)</subfield>
   </datafield>
   <datafield tag="653" ind2=" " ind1=" ">
      <subfield code="a">Cromatografia</subfield>
   </datafield>
   <datafield tag="653" ind2=" " ind1=" ">
      <subfield code="a">Chromatographic analysis</subfield>
   </datafield>
   <datafield ind2="0" ind1="0" tag="245">
      <subfield code="a">Development of a polymer inclusion membrane (PIM) for the preconcentration of antibiotics in environmental water samples</subfield>
   </datafield>
</record></metadata></record></GetRecord></OAI-PMH>